Statistics for Swedish Disney movie names (2024)

Click here to take the quiz!

General Stats

  • This quiz has been taken 19 times
  • The average score is 15 of 20

Answer Stats

HintAnswer% Correct
FrostFrozen
100%
Snövit och de sju dvärgarnaSnow white and the seven dwarfs
100%
Alice i UnderlandetAlice in Wonderland
94%
Skönheten och OdjuretBeauty and the Beast
88%
Insidan UtInside Out
88%
DjungelbokenThe Jungle book
88%
Prinsessan och GrodanThe princess and the Frog
88%
VaianaMoana
82%
Raya och den sista drakenRaya and the last dragon
82%
TörnrosaSleeping Beauty
82%
Trollkarlen från OzThe wizard of Oz
82%
ModigBrave
76%
LejonkungenThe Lion king
76%
AskungenCinderella
71%
Röjar-RalpWreck-it Ralph
65%
Svärdet i StenenThe sword in the stone
59%
ÖnskanWish
59%
BjörnbröderBrother Bear
47%
SkattkammarplanetenTreasure Planet
29%
TrasselTangeled
18%

Score Distribution

Percentile by Number Answered

Percent of People with Each Score

Your Score History

You have not taken this quiz